Music Quiz

Random Music or Video Games Quiz

Gregory Brothers Lyrics Quiz Stats

 Plays Quiz not verified by Sporcle

Score 0/11 Timer 04:00
0 Plays Today
Song Missing Lyrics % Correct
Double Rainbow Songa triple rainbow
80%
Bed Intruder Songsnatching your people up
80%
Im Not a Witch Songnot a witch
60%
Michael Jackson. Drugs. Palin SongMichael Jackson would wake up dead
40%
Backin Up Songmy daddy taught me good
30%
The Sanity Songevery damn day
20%
Turtles Songcouldn't climb over the turtle fence
20%
Dragons. Geese. Michael Vick songsoars like an eagle
20%
THe Rent is Too Damn High SongI will not talk about anyone here
10%
Obama's Kick Ass Songis ass kicking
10%
Lettuce Regulation Song if you were to smoke tobacco
0%

You're not logged in!

Compare scores with friends on all Sporcle quizzes.
OR
Log In

Show Comments

Extras

Top Quizzes Today


Score Distribution

Your Account Isn't Verified!

In order to create a playlist on Sporcle, you need to verify the email address you used during registration. Go to your Sporcle Settings to finish the process.

Report this User

Report this user for behavior that violates our Community Guidelines.

Details: